Statistics for 10 Biggest Cities in 6 Metro Areas on a Map

Click here to take the quiz!

General Stats

  • This quiz has been taken 1,100 times
  • The average score is 28 of 60

Answers on the Map

Answers color-coded by a green-red scale on the quiz's map according to % correct below.
 

Answer Stats

GroupPopAnswer% Correct
Los Angeles3,990,456Los Angeles
95%
Seattle744,955Seattle
95%
Chicago2,695,598Chicago
94%
Phoenix1,626,078Phoenix
94%
Kansas City152,958Kansas City, KS
92%
Kansas City491,918Kansas City, MO
92%
Miami470,914Miami
92%
Los Angeles467,354Long Beach
76%
Seattle216,279Tacoma
75%
Phoenix496,401Mesa
74%
Los Angeles352,005Anaheim
69%
Miami182,595Fort Lauderdale
64%
Phoenix249,950Scottsdale
62%
Los Angeles201,361Glendale
61%
Phoenix246,709Glendale
61%
Phoenix253,458Chandler
57%
Seattle147,599Bellevue
55%
Chicago80,211Gary
55%
Kansas City192,536Overland Park
55%
Miami238,942Hialeah
54%
Miami154,823Hollywood
53%
Phoenix185,038Tempe
53%
Chicago198,195Aurora
52%
Chicago142,369Naperville
52%
Los Angeles332,725Santa Ana
51%
Seattle111,262Everett
49%
Los Angeles282,572Irvine
47%
Chicago147,827Joliet
47%
Phoenix242,354Gilbert
46%
Miami111,398West Palm Beach
44%
Phoenix168,181Peoria
41%
Kansas City139,609Olathe
40%
Kansas City116,925Independence
38%
Los Angeles210,089Santa Clarita
38%
Phoenix134,085Surprise
38%
Los Angeles200,641Huntington Beach
37%
Seattle129,618Kent
37%
Chicago99,385Kenosha
35%
Chicago108,322Elgin
32%
Miami113,069Miami Gardens
32%
Seattle97,044Federal Way
29%
Los Angeles159,053Lancaster
29%
Seattle102,153Renton
29%
Miami172,374Pembroke Pines
26%
Chicago89,139Waukegan
26%
Seattle89,557Kirkland
25%
Chicago84,270Cicero
24%
Chicago80,714Hammond
24%
Kansas City98,461Lee's Summit
23%
Miami140,823Miramar
23%
Miami111,954Pompano Beach
22%
Miami133,507Coral Springs
20%
Los Angeles172,646Garden Grove
20%
Seattle81,905Auburn
19%
Seattle69,779Marysville
18%
Phoenix84,025Avondale
15%
Kansas City65,845Shawnee
15%
Kansas City55,294Lenexa
14%
Kansas City55,104Blue Springs
13%
Kansas City36,210Leavenworth
13%

Score Distribution

Percentile by Number Answered

Percent of People with Each Score

Your Score History

You have not taken this quiz